=LDR 00000nam 2200000 4500 =001 INLIS000000000037239 =005 20130612142958 =008 ***********************************ind** =035 ##$$0010-061300000037239 =041 ##$$a ind =082 ##$$a 784.095 36 =090 ##$$a 784.095 36, Cha e =245 ##$$a Lagu Daerah Bima Dompu NTB, Muhammad Chaidir;Editor Yanwar Saladin,;Bea Belinda =260 ##$$a 2009 $b Dompu =300 ##$$a 11,87 Hlm, 29cm =650 ##$$a Lagu Daerah Bima =850 ##$$a NBPNMAT